000 00461nam a22001577a 4500
003 OSt
005 20120302151730.0
008 091127t xxu||||| |||| 00| 0 eng d
035 _a१७२७६
040 _cमराठी
100 _aदास, मनोज
_910576
245 _aअमर पुस्तके
300 _b६३ पाने
700 _aशिरोळकर, श्यामला - अनु.
_910578
942 _2ddc
_cBOOK
999 _c495266
_d495263